000 00451nam a2200181Ia 4500
001 27883
003 IN-NITTTR
005 20251114233346.0
008 251113s9999||||xx |||||||||||||| ||eng||
040 _beng
040 _cIN-NITTTR
041 _aeng
082 _a891.423 G11A
100 _aGadgil, Gangadhar
245 0 _aAntim shabd /
_cGadgil, Gangadhar, Deshpande, Madhavi Prasad
700 _a Deshpande, Madhavi Prasad
942 _2ddc
_cBK
999 _c30511
_d30511